Phục hình răng cố định Dùng cho sinh viên răng hàm mặt
Trong ngành răng hàm mặt, phục hình răng là một chuyên ngành đặc biệt, vừa mang tính y học, vừa mang tính nghệ thuật.
সংরক্ষণ করুন:
| প্রধান লেখক: | |
|---|---|
| বিন্যাস: | গ্রন্থ |
| ভাষা: | Vietnamese |
| প্রকাশিত: |
H.
Giáo dục Việt Nam
2023
|
| সংস্করন: | Tái bản lần thứ 6 |
| বিষয়গুলি: | |
| ট্যাগগুলো: |
ট্যাগ যুক্ত করুন
কোনো ট্যাগ নেই, প্রথমজন হিসাবে ট্যাগ করুন!
|
| Thư viện lưu trữ: | Thư viện Trường Đại học Nam Cần Thơ |
|---|
| LEADER | 01329nam a22002297a 4500 | ||
|---|---|---|---|
| 001 | NCT_4_004165 | ||
| 008 | 240226b xxu||||| |||| 00| 0 vie d | ||
| 999 | |c 8087 |d 8087 | ||
| 020 | |a 9786040347084 |c 140000 | ||
| 082 | 0 | 4 | |2 23rd ed. |a 617.69 |b B103 |
| 100 | 1 | |a Nguyễn Văn Bài |e Chủ biên | |
| 245 | 1 | 0 | |a Phục hình răng cố định |b Dùng cho sinh viên răng hàm mặt |c Nguyễn Văn Bài (Chủ biên) |
| 250 | |a Tái bản lần thứ 6 | ||
| 260 | |a H. |b Giáo dục Việt Nam |c 2023 | ||
| 300 | |a 219tr. |b minh họa |c 27 cm | ||
| 520 | 3 | |a Trong ngành răng hàm mặt, phục hình răng là một chuyên ngành đặc biệt, vừa mang tính y học, vừa mang tính nghệ thuật. | |
| 653 | |a Răng Hàm Mặt | ||
| 942 | |2 ddc |c BK | ||
| 952 | |0 0 |1 0 |2 ddc |4 0 |6 617_690000000000000_B103 |7 0 |9 28540 |a 000001 |b 000001 |d 2024-02-26 |o 617.69 B103 |p MD.22295 |r 2024-02-26 |v 140000.00 |w 2024-02-26 |y BK | ||
| 952 | |0 0 |1 0 |2 ddc |4 0 |6 617_690000000000000_B103 |7 0 |9 28541 |a 000001 |b 000001 |d 2024-02-26 |o 617.69 B103 |p MD.22296 |r 2024-02-26 |v 140000.00 |w 2024-02-26 |y BK | ||
| 952 | |0 0 |1 0 |2 ddc |4 0 |6 617_690000000000000_B103 |7 0 |9 28542 |a 000001 |b 000001 |d 2024-02-26 |o 617.69 B103 |p MD.22297 |r 2024-02-26 |v 140000.00 |w 2024-02-26 |y BK | ||
| 980 | |a Thư viện Trường Đại học Nam Cần Thơ | ||


